00519nam a2200169Ia 4500003000900000008004100009020002200050040001600072080002300088245013200111260002300243300001000266650001400276650001600290650001200306700003100318IN-BaIIA211028s9999 xx 000 0 eng d a978-1-4614-8638-1 cIIA Library a(084.4)523.34bTHE 4aThe hatfield SCT lunar atlasbphotographic atlas for Meade, Celestron and other SCT telescopescedited by Anthony Charles Cook  aNew YorkbSpringer a219p. aAstronomy aMoon - maps aPhysics aCook, Anthony Charles, ed.